00668nam a2200205Ia 4500003000400000008004100004020002300045040000800068100001900076245009000095260002400185300001400209365001100223901002100234902003700255903004000292942001200332952010100344999001700445LDD181029s9999 xx 000 0 und d a1591406498c89.95 cLDD aChen, Shu-Heng 0aComputational economicsba perspective from computational intelligencecShu-Heng Chen aHersheybIdeac2006 axv, 318p. b89.95 a3761b31-01-2007 aUBS7386b15-03-2007cFdUPPALe0 aDiscount-10bReqst by : Saugato Sen 2ddccBK 00102ddc4070978549aLDDbLDDl0o330.0285 C421Cp061880r2018-11-01v4000.07w2018-11-01yBK c78550d78550